000
00308nam a22001457a 4500
008
230707b ||||| |||| 00| 0 eng d
020
_a
9780275981273
041
_a
eng
080
_a
34
082
_a
34KOH
100
_a
32
101
_a
JURE
245
_a
WHISTLEBLOWER LAW
_c
KOHN .M.S
942
_2
udc
_c
BK
999
_c
60124
_d
60124